All Bus Stops on London Bus Route 57 - Statistics

General Stats
  • This quiz has been taken 6 times
  • The average score is 30 of 72
Answer Stats
Answer % Correct
Wimbledon Station
83%
Colliers Wood Station
67%
Raynes Park Station
67%
South Wimbledon Station
67%
The Polka Theatre
67%
Tooting Broadway Station
67%
Wimbledon Bus Station
67%
Wimbledon Theatre
67%
Abbey Road
50%
Amen Corner
50%
Arterberry Road
50%
Avenue Road
50%
Becmead Avenue
50%
Durham Road
50%
Fairfield Bus Station
50%
Kingscourt Road
50%
Kingston Hospital
50%
Leigham Court Road
50%
Longley Road
50%
Merton Abbey
50%
Merton Road
50%
Mount Ephraim Road
50%
New Victoria Hospital
50%
Tiffin School / London Road
50%
Walpole Road
50%
Albert Grove
33%
Albion Road
33%
Aldrington Road
33%
Ambleside Avenue
33%
Atkins Road / New Park Road
33%
Barrhill Road
33%
Bickley Street
33%
Cambridge Road
33%
Christchurch Road
33%
Conyers Road
33%
Coombe Hill School
33%
Cottenham Park Road
33%
Cromwell Road Bus Station
33%
Crowborough Road
33%
Dahomey Road
33%
Darlaston Road
33%
Eastbourne Road
33%
Eden Street
33%
Francis Grove
33%
Galsworthy Road / Norbiton Station
33%
Gordon Road
33%
Holland Avenue
33%
Lower Downs Road
33%
Manor Gate Road
33%
Mitcham Lane / Southcroft Road
33%
Mitcham Road / Tooting Broadway Station
33%
Nimrod Road
33%
Norbiton Church
33%
Norbiton Church / Tiffin Boys School
33%
Nutwell Street
33%
Park Road
33%
Pepys Road
33%
Poynders Road / Kings Avenue
33%
Queens Road / Kingston Hospital
33%
Raynes Park Methodist Church
33%
Southcroft Road / Mitcham Lane
33%
Spencer Hill
33%
Streatham Hill / Christchurch Road
33%
Streatham Hill Station / Streatham Hill
33%
Streatham Place
33%
Streatham / St Leonard's Church
33%
Telford Avenue
33%
Thrale Road
33%
Tooting Broadway / South Thames College
33%
Tooting / The Mitre
33%
Traps Lane
33%
Wolsey Close
33%
No matching quizzes found
Score Distribution
Percent of People with Each Score
Percentile by Number Answered
Your Score History
You have not taken this quiz